Tunmche bhagya tumhich ghadava ! (Record no. 795611)

MARC details
000 -LEADER
fixed length control field 00559nam a2200217Ia 4500
008 - FIXED-LENGTH DATA ELEMENTS--GENERAL INFORMATION
fixed length control field 101110s9999 xx 000 0 und d
041 ## - LANGUAGE CODE
Language code of text/sound track or separate title MARATHI
082 ## - DEWEY DECIMAL CLASSIFICATION NUMBER
Item number JR4798
100 ## - MAIN ENTRY--PERSONAL NAME
Personal name Marathe L.N.
245 ## - TITLE STATEMENT
Title Tunmche bhagya tumhich ghadava !
260 ## - PUBLICATION, DISTRIBUTION, ETC. (IMPRINT)
Date of publication, distribution, etc 1998
Name of publisher, distributor, etc Rajesh Prakashan, Pune
300 ## - PHYSICAL DESCRIPTION
Extent 1998
365 ## - TRADE PRICE
Price amount 50
520 ## - SUMMARY, ETC.
Summary, etc Reference Books
546 ## - LANGUAGE NOTE
Language note MARATHI
630 ## - SUBJECT ADDED ENTRY--UNIFORM TITLE
Uniform title Tunmche bhagya tumhich ghadava !
650 ## - SUBJECT ADDED ENTRY--TOPICAL TERM
Topical term or geographic name as entry element Reference Books
655 ## - INDEX TERM--GENRE/FORM
Genre/form data or focus term Reference Books
730 ## - ADDED ENTRY--UNIFORM TITLE
Uniform title Tunmche bhagya tumhich ghadava !
942 ## - ADDED ENTRY ELEMENTS (KOHA)
Koha item type Book
Holdings
Withdrawn status Lost status Damaged status Not for loan Home library Current library Shelving location Date acquired Source of acquisition Cost, normal purchase price Shelving control number Total Checkouts Barcode Date last seen Price effective from Koha item type
        D. B. J. College, Chiplun D. B. J. College, Chiplun     Donated by B.C. Wagh, Chiplun, dt.21/11/05 50.00     DBJJR4798 11/11/2010 11/11/2010 Book